LEADER 02828nam 22005415 450 001 9910337670103321 005 20220118013512.0 010 $a9783030116569 010 $a3030116565 024 7 $a10.1007/978-3-030-11656-9 035 $a(CKB)4100000007522619 035 $a(MiAaPQ)EBC5647762 035 $a(DE-He213)978-3-030-11656-9 035 $a(Perlego)3493457 035 $a(EXLCZ)994100000007522619 100 $a20190123d2019 u| 0 101 0 $aeng 135 $aurcnu|||||||| 181 $ctxt$2rdacontent 182 $cc$2rdamedia 183 $acr$2rdacarrier 200 14$aThe Quality of Society $eEssays on the Unified Theory of Capitalism /$fby Adolfo Figueroa 205 $a1st ed. 2019. 210 1$aCham :$cSpringer International Publishing :$cImprint: Palgrave Macmillan,$d2019. 215 $a1 online resource (294 pages) 311 08$a9783030116552 311 08$a3030116557 327 $a1. Introduction -- 2. Unified Theory of Capitalism: An Overview -- 3. Science is Epistemology -- 4. Path Dependence and the Economic Process -- 5. Population and the Quality of Society -- 6. Unified Theory of Capitalism and Bio-economics -- 7. Individualism in the Anthropocene Age -- 8. Science-Based Public Policies -- 9. Redistribution through Labor Markets -- 10. Epilogue: Old and New Economics. 330 $aThis book explores the policy implications of the unified theory of capitalism-how economic growth has led to a new epoch, the Anthropocene, and it presents a new set of economic principles that are needed in this new age. The unified theory of capitalism has been published as a new scientific endeavor, attempting to present new economics for the Anthropocene age that are empirically verifiable and fully consistent with the physical sciences. This book elaborates on the implications of the unified theory for both the science of economics and for public policies. In particular, this book develops in more detail the policy implications, discussing the fundamental economic and societal policy issues of our time-employment, inequality, the environment, and quality of life-in empirical terms. 606 $aEconomic policy 606 $aEconomic development 606 $aEconomics 606 $aEconomic Policy 606 $aEconomic Growth 606 $aPolitical Economy and Economic Systems 615 0$aEconomic policy. 615 0$aEconomic development. 615 0$aEconomics. 615 14$aEconomic Policy. 615 24$aEconomic Growth. 615 24$aPolitical Economy and Economic Systems. 676 $a330.122 676 $a330.1 700 $aFigueroa$b Adolfo$4aut$4http://id.loc.gov/vocabulary/relators/aut$0851666 906 $aBOOK 912 $a9910337670103321 996 $aThe Quality of Society$91951183 997 $aUNINA